[Event "Uljanovsk Privolje op"]
[Site "Uljanovsk"]
[Date "2009.02.02"]
[Round "4"]
[White "Kashicin, Alexander"]
[Black "Yakovlev, Mikhail"]
[Result "1/2-1/2"]
[WhiteElo "1932"]
[BlackElo "2240"]
[PlyCount "30"]
[EventDate "2009.01.31"]
[EventType "swiss"]
[EventRounds "9"]
[EventCountry "RUS"]
[SourceTitle "EXT 2022"]
[Source "ChessBase"]
[SourceDate "2021.10.06"]
[SourceVersion "1"]
[SourceVersionDate "2021.10.06"]
[SourceQuality "1"]

1. d4 f5 2. c4 e6 3. g3 d5 4. cxd5 exd5 5. Bg2 Nf6 6. Nc3 c6 7. Nf3 Bd6 8. Bg5 Be6 9. Qb3 b6 10. e3 0-0 11. Bxf6 Qxf6 12. Ne2 Nd7 13. Rc1 Rfc8 14. 0-0 h6 15. h4 g5 1/2-1/2

[Event "Uljanovsk Privolje op"]
[Site "Uljanovsk"]
[Date "2009.01.31"]
[Round "2"]
[White "Rumyantsev, Nikolay"]
[Black "Yakovlev, Mikhail"]
[Result "1/2-1/2"]
[WhiteElo "1910"]
[BlackElo "2240"]
[PlyCount "96"]
[EventDate "2009.01.31"]
[EventType "swiss"]
[EventRounds "9"]
[EventCountry "RUS"]
[SourceTitle "EXT 2022"]
[Source "ChessBase"]
[SourceDate "2021.10.06"]
[SourceVersion "1"]
[SourceVersionDate "2021.10.06"]
[SourceQuality "1"]

1. e4 e5 2. Nf3 d6 3. d4 Nf6 4. Nc3 Nbd7 5. Bb5 c6 6. Be2 Be7 7. 0-0 0-0 8. a4 a5 9. h3 Qc7 10. Be3 Rd8 11. Qc1 Nb6 12. Nh2 Be6 13. f4 Bc4 14. Bd3 Nfd7 15. Nf3 Bf6 16. Rf2 exd4 17. Nxd4 Nc5 18. Qf1 Nxd3 19. cxd3 Ba6 20. Rc1 Qd7 21. b3 d5 22. e5 Bh4 23. Rfc2 c5 24. Nf3 d4 25. Nxh4 dxe3 26. Nb5 Bxb5 27. axb5 Qxb5 28. Rc3 Nd5 29. Rxc5 Qxb3 30. d4 Qb2 31. Nf5 g6 32. Rb1 Qd2 33. Rxd5 gxf5 34. Rxd8+ Rxd8 35. Rd1 e2 36. Rxd2 exf1Q+ 37. Kxf1 b5 38. Ke2 b4 39. Kd3 Rc8 40. Rc2 Rxc2 41. Kxc2 a4 42. g4 fxg4 43. hxg4 Kf8 44. d5 Ke7 45. f5 h6 46. f6+ Kd7 47. Kb2 a3+ 48. Kb3 Ke8 1/2-1/2

[Event "Izmailov Memorial op-D 12th"]
[Site "Tomsk"]
[Date "2008.07.10"]
[Round "7"]
[White "Yakovlev, Mikhail"]
[Black "Kartashov, Dmitry"]
[Result "1-0"]
[WhiteElo "2258"]
[BlackElo "2252"]
[PlyCount "91"]
[EventDate "2008.07.04"]
[EventType "swiss"]
[EventRounds "9"]
[EventCountry "RUS"]
[SourceTitle "EXT 2022"]
[Source "ChessBase"]
[SourceDate "2021.10.06"]
[SourceVersion "1"]
[SourceVersionDate "2021.10.06"]
[SourceQuality "1"]

1. e4 c5 2. Nf3 e6 3. Nc3 Nc6 4. d4 cxd4 5. Nxd4 a6 6. g3 Nge7 7. Bg2 Nxd4 8. Qxd4 Nc6 9. Qd3 Ne5 10. Qe2 d6 11. 0-0 Be7 12. Be3 0-0 13. Na4 b5 14. Nb6 Rb8 15. Nxc8 Qxc8 16. f4 Nc6 17. Rad1 Rd8 18. c3 Bf6 19. g4 g6 20. f5 Bg7 21. f6 Bf8 22. Qf2 Ne5 23. Qh4 Rd7 24. Rde1 Qd8 25. Bg5 d5 26. Kh1 d4 27. cxd4 Rxd4 28. Qg3 Nd3 29. Re2 e5 30. h4 h6 31. Be3 Rd6 32. g5 h5 33. Bf3 Rd7 34. Rg2 Qe8 35. Rd1 Rbd8 36. Rdg1 Bc5 37. Bxc5 Nxc5 38. Bxh5 Rd3 39. Bf3 Nxe4 40. Qg4 Nd2 41. Be2 R3d4 42. Qh3 Rf4 43. h5 Rdd4 44. Bg4 Qc6 45. hxg6 fxg6 46. Be6+ 1-0

[Event "Izmailov Memorial op-D 12th"]
[Site "Tomsk"]
[Date "2008.07.09"]
[Round "6"]
[White "Osipov, Vladimir"]
[Black "Yakovlev, Mikhail"]
[Result "1/2-1/2"]
[WhiteElo "2224"]
[BlackElo "2258"]
[PlyCount "31"]
[EventDate "2008.07.04"]
[EventType "swiss"]
[EventRounds "9"]
[EventCountry "RUS"]
[SourceTitle "EXT 2022"]
[Source "ChessBase"]
[SourceDate "2021.10.06"]
[SourceVersion "1"]
[SourceVersionDate "2021.10.06"]
[SourceQuality "1"]

1. e4 c5 2. Nf3 Nc6 3. Bb5 e6 4. 0-0 Nge7 5. c3 a6 6. Ba4 b5 7. Bc2 Ng6 8. d4 Bb7 9. d5 Nge5 10. Re1 Qc7 11. Nbd2 Bd6 12. b3 0-0 13. Nf1 Rae8 14. a4 exd5 15. axb5 Nxf3+ 16. Qxf3 1/2-1/2

[Event "Uljanovsk op"]
[Site "Uljanovsk"]
[Date "2008.02.03"]
[Round "5"]
[White "Kashicina, Elena"]
[Black "Yakovlev, Mikhail"]
[Result "0-1"]
[WhiteElo "1822"]
[BlackElo "2258"]
[PlyCount "70"]
[EventDate "2008.02.01"]
[EventType "swiss"]
[EventRounds "9"]
[EventCountry "RUS"]
[SourceTitle "EXT 2009"]
[Source "ChessBase"]
[SourceDate "2008.11.26"]
[SourceVersion "1"]
[SourceVersionDate "2008.11.26"]
[SourceQuality "1"]

1. d4 f5 2. c4 e6 3. Nc3 Nf6 4. Nf3 d5 5. cxd5 exd5 6. Bf4 Bd6 7. Bxd6 Qxd6 8. e3 0-0 9. Bd3 c6 10. Qc2 Ne4 11. 0-0 Nd7 12. Nh4 Qh6 13. Nf3 Ndf6 14. Ne5 Be6 15. Ne2 Rae8 16. a4 Re7 17. Nf4 Ng4 18. Nxg4 fxg4 19. Nxe6 Rxe6 20. Bxe4 Rxe4 21. g3 Rf5 22. h4 gxh3 23. Kh2 Qf6 24. Kxh3 Rxe3 25. fxe3 Rxf1 26. Rxf1 Qxf1+ 27. Kg4 Qf6 28. Qc5 Qe6+ 29. Kf3 b6 30. Qc2 h6 31. Kf4 Qd6+ 32. Kf5 Qxg3 33. Qxc6 Qg5+ 34. Ke6 h5 35. Qc8+ Kh7 0-1

[Event "RUS-ch U26"]
[Site "Novokuznetsk"]
[Date "2007.10.28"]
[Round "7"]
[White "Smirnov, Pavel"]
[Black "Yakovlev, Mikhail"]
[Result "1-0"]
[WhiteElo "2636"]
[BlackElo "2263"]
[PlyCount "97"]
[EventDate "2007.10.22"]
[EventType "swiss"]
[EventRounds "9"]
[EventCountry "RUS"]
[SourceTitle "EXT 2009"]
[Source "ChessBase"]
[SourceDate "2008.11.26"]
[SourceVersion "1"]
[SourceVersionDate "2008.11.26"]
[SourceQuality "1"]

1. e4 c5 2. Nf3 Nc6 3. d4 cxd4 4. Nxd4 g6 5. Nc3 Bg7 6. Be3 Nf6 7. Bc4 Qa5 8. 0-0 0-0 9. Bb3 d6 10. h3 Bd7 11. Re1 Qh5 12. Qd3 b5 13. Nxc6 Bxc6 14. Nd5 Bxd5 15. exd5 a6 16. Bd4 Rfe8 17. a4 Rab8 18. axb5 axb5 19. Ra7 Kf8 20. Ra5 Qh4 21. Rd1 Qe4 22. Qf1 b4 23. Ba7 Rb7 24. Re1 Qf5 25. Qa6 Qc8 26. Ba4 Nd7 27. Bc6 Rc7 28. Qb5 Bxb2 29. Qxb4 Bf6 30. Bd4 Rxc6 31. dxc6 Qxc6 32. Ra7 Ne5 33. f4 Nd7 34. Qd2 Qd5 35. Rd1 Bxd4+ 36. Qxd4 Qxd4+ 37. Rxd4 Nc5 38. g4 Ne6 39. Rb4 Rc8 40. f5 Ng5 41. h4 Nf3+ 42. Kf1 Nxh4 43. Rbb7 Re8 44. f6 Nf3 45. fxe7+ Kg7 46. Rd7 f6 47. Rxd6 Nh2+ 48. Ke2 Nxg4 49. c4 1-0

[Event "RUS-ch U26"]
[Site "Novokuznetsk"]
[Date "2007.10.26"]
[Round "5"]
[White "Ivanova, Tatiana"]
[Black "Yakovlev, Mikhail"]
[Result "1/2-1/2"]
[WhiteElo "2128"]
[BlackElo "2263"]
[PlyCount "83"]
[EventDate "2007.10.22"]
[EventType "swiss"]
[EventRounds "9"]
[EventCountry "RUS"]
[SourceTitle "EXT 2009"]
[Source "ChessBase"]
[SourceDate "2008.11.26"]
[SourceVersion "1"]
[SourceVersionDate "2008.11.26"]
[SourceQuality "1"]

1. e4 c5 2. Nc3 Nc6 3. Bb5 g6 4. Bxc6 bxc6 5. d3 Bg7 6. f4 d6 7. Nf3 Nf6 8. 0-0 0-0 9. Qe1 Rb8 10. b3 Ba6 11. Bd2 Ne8 12. Qh4 e6 13. Qf2 Qe7 14. Rae1 Nc7 15. Kh1 Nb5 16. Nxb5 cxb5 17. f5 exf5 18. exf5 Qf6 19. Ng5 gxf5 20. Qxf5 Qxf5 21. Rxf5 Rbe8 22. Ne4 Re6 23. Ref1 Bb7 24. Nf6+ Kh8 25. Bg5 Bc8 26. R5f4 Re5 27. Bh4 Re2 28. R1f2 Rxf2 29. Rxf2 c4 30. dxc4 bxc4 31. Rd2 cxb3 32. cxb3 Be6 33. Rxd6 Rc8 34. h3 Bf8 35. Rd4 Bc5 36. Rd3 Be7 37. Rf3 Rc2 38. a4 Rb2 39. Bf2 Rxb3 40. Rxb3 Bxb3 41. Bd4 Bd8 42. Ne4+ 1/2-1/2

[Event "RUS-chT2"]
[Site "Sochi"]
[Date "2007.05.11"]
[Round "9"]
[White "Yakovlev, Mikhail"]
[Black "Smirnov, Artem"]
[Result "0-1"]
[WhiteElo "2260"]
[BlackElo "2403"]
[PlyCount "78"]
[EventDate "2007.05.03"]
[EventType "team"]
[EventRounds "9"]
[EventCountry "RUS"]
[SourceTitle "CBM 118 Extra"]
[Source "ChessBase"]
[SourceDate "2007.07.04"]
[SourceVersion "1"]
[SourceVersionDate "2007.07.04"]
[SourceQuality "1"]

1. d4 Nf6 2. Nf3 e6 3. Bf4 b6 4. e3 Bb7 5. h3 Be7 6. Bd3 0-0 7. Nbd2 c5 8. 0-0 d5 9. c3 Nbd7 10. Qb1 h6 11. a4 a5 12. Re1 Rc8 13. Bh2 Kh8 14. Ne5 Nxe5 15. dxe5 Nd7 16. e4 c4 17. Bf1 Nc5 18. exd5 exd5 19. Nf3 Nb3 20. Ra2 Bc5 21. Qf5 b5 22. axb5 Qb6 23. Bg3 Rce8 24. Rd1 Bc8 25. Qf4 Be6 26. Nd4 f5 27. h4 Nxd4 28. cxd4 Be7 29. h5 Bg5 30. Qf3 f4 31. Bh2 Qxb5 32. Be2 Rb8 33. Rda1 Qb4 34. Kh1 Qd2 35. b3 Qxd4 36. bxc4 dxc4 37. Rxa5 Rfd8 38. Bg1 c3 39. Rc1 Rbc8 0-1

[Event "Izmailov Memorial op 10th"]
[Site "Tomsk"]
[Date "2006.07.20"]
[Round "9"]
[White "Yakovlev, Mikhail"]
[Black "Dmitrienko, Andrey"]
[Result "1-0"]
[WhiteElo "2223"]
[BlackElo "2296"]
[PlyCount "79"]
[EventDate "2006.07.12"]
[EventType "swiss"]
[EventRounds "9"]
[EventCountry "RUS"]
[SourceTitle "EXT 2008"]
[Source "ChessBase"]
[SourceDate "2007.11.25"]
[SourceVersion "1"]
[SourceVersionDate "2007.11.25"]
[SourceQuality "1"]

1. e4 c5 2. Nf3 a6 3. d4 cxd4 4. Nxd4 Nf6 5. Bd3 e5 6. Nb3 Nc6 7. 0-0 d5 8. exd5 Nxd5 9. Qe2 Be6 10. Rd1 Qc7 11. Be4 Nf6 12. Nc3 Be7 13. Bg5 Nxe4 14. Nxe4 0-0 15. Bxe7 Qxe7 16. Nbc5 Rad8 17. c3 Bc8 18. b4 f5 19. Nd2 e4 20. Nc4 Qc7 21. Ne3 Qe5 22. Qc4+ Kh8 23. Rxd8 Rxd8 24. Rd1 Rxd1+ 25. Nxd1 b5 26. Qf7 Qe7 27. Qd5 Ne5 28. Ne3 f4 29. Nf5 Qc7 30. Nd6 Nc4 31. Nf7+ Kg8 32. Nh6+ Kf8 33. Qg8+ Ke7 34. Qxg7+ Kd6 35. Qf6+ Kd5 36. Ng8 Ne5 37. Ne7+ Kc4 38. Nxc8 e3 39. Nd6+ Kd5 40. Qe6+ 1-0

[Event "Izmailov Memorial op 10th"]
[Site "Tomsk"]
[Date "2006.07.16"]
[Round "5"]
[White "Yakovlev, Mikhail"]
[Black "Zemtsov, Igor"]
[Result "0-1"]
[WhiteElo "2223"]
[BlackElo "2353"]
[PlyCount "116"]
[EventDate "2006.07.12"]
[EventType "swiss"]
[EventRounds "9"]
[EventCountry "RUS"]
[SourceTitle "EXT 2008"]
[Source "ChessBase"]
[SourceDate "2007.11.25"]
[SourceVersion "1"]
[SourceVersionDate "2007.11.25"]
[SourceQuality "1"]

1. d4 Nf6 2. c4 g6 3. Nc3 d5 4. Bg5 Ne4 5. Bh4 c5 6. e3 Nc6 7. cxd5 Nxc3 8. bxc3 Qxd5 9. Qf3 Qf5 10. Bb5 Bd7 11. Qxf5 gxf5 12. Nf3 e6 13. 0-0 a6 14. Be2 cxd4 15. cxd4 Ba3 16. Rab1 b5 17. Ne1 Rc8 18. Rb3 Bd6 19. Bg3 f4 20. Bh4 Na5 21. Rd3 b4 22. Rd2 Bb5 23. Bxb5+ axb5 24. Nd3 fxe3 25. fxe3 Rg8 26. Rb1 Rc4 27. Bf6 Rg6 28. Be5 Be7 29. Bf4 f6 30. Bg3 Rg8 31. Be1 Rc3 32. Rdd1 Rc2 33. Rd2 Rxd2 34. Bxd2 Nc4 35. Bc1 Kd7 36. Nxb4 Ra8 37. e4 Bxb4 38. Rxb4 Rxa2 39. Bh6 Nd6 40. e5 Ne4 41. h3 Kc6 42. exf6 Nxf6 43. Rb1 Rc2 44. Re1 Kd7 45. Rf1 Ne4 46. Rf7+ Kc6 47. Bf8 h5 48. Rh7 Ng3 49. Kh2 Rc3 50. Rh6 Kd5 51. Bb4 Re3 52. Bc5 e5 53. Rd6+ Kc4 54. Kg1 h4 55. Ba7 Ra3 56. Rd7 e4 57. Bc5 Ra1+ 58. Kf2 Kd3 0-1

[Event "Tomsk-ch"]
[Site "Tomsk"]
[Date "2006.??.??"]
[Round "?"]
[White "Arishin, Sergei"]
[Black "Yakovlev, Mikhail"]
[Result "1/2-1/2"]
[WhiteElo "2200"]
[BlackElo "2220"]
[PlyCount "115"]
[EventDate "2006.06.??"]
[EventType "tourn"]
[EventRounds "9"]
[EventCountry "RUS"]
[EventCategory "3"]
[SourceTitle "EXT 2008"]
[Source "ChessBase"]
[SourceDate "2007.11.25"]
[SourceVersion "1"]
[SourceVersionDate "2007.11.25"]
[SourceQuality "1"]

1. Nf3 Nf6 2. c4 e6 3. Nc3 d5 4. d4 c5 5. cxd5 exd5 6. g3 Nc6 7. Bg2 Be6 8. 0-0 cxd4 9. Nxd4 Be7 10. Bg5 0-0 11. Rc1 h6 12. Bf4 Re8 13. Ncb5 Rc8 14. Nxc6 Rxc6 15. Rxc6 bxc6 16. Nc7 Rf8 17. Qa4 Bd7 18. Qxa7 g5 19. Be5 Ng4 20. Bd4 Bd6 21. Na6 Re8 22. h3 Ne5 23. Nc5 Bc8 24. b3 Bc7 25. Qa3 Ng6 26. Qb2 h5 27. e4 h4 28. Qc3 Qd6 29. Bf6 hxg3 30. fxg3 g4 31. h4 Bb6 32. b4 dxe4 33. Qe3 Re6 34. Bd4 Re8 35. Rf6 Qd5 36. h5 Qxh5 37. Nxe4 Bxd4 38. Qxd4 Qe5 39. Qxe5 Nxe5 40. Nd6 Re6 41. Rxe6 Bxe6 42. a4 Nd3 43. b5 cxb5 44. axb5 Nc5 45. b6 Nd7 46. b7 Nb8 47. Kf2 Kf8 48. Nc8 Ke8 49. Ke3 Kd8 50. Na7 Bd7 51. Kd4 Kc7 52. Ke5 Na6 53. Kf6 Nc5 54. Nc8 Nxb7 55. Bxb7 Kxb7 56. Nd6+ Kc6 57. Nxf7 Kd5 58. Ne5 1/2-1/2

[Event "Tomsk-ch"]
[Site "Tomsk"]
[Date "2006.??.??"]
[Round "?"]
[White "Davidov, Roman"]
[Black "Yakovlev, Mikhail"]
[Result "1/2-1/2"]
[WhiteElo "2280"]
[BlackElo "2220"]
[PlyCount "116"]
[EventDate "2006.06.??"]
[EventType "tourn"]
[EventRounds "9"]
[EventCountry "RUS"]
[EventCategory "3"]
[SourceTitle "EXT 2008"]
[Source "ChessBase"]
[SourceDate "2007.11.25"]
[SourceVersion "1"]
[SourceVersionDate "2007.11.25"]
[SourceQuality "1"]

1. Nf3 c5 2. c4 Nf6 3. Nc3 Nc6 4. d4 cxd4 5. Nxd4 e6 6. Ndb5 d5 7. cxd5 Nxd5 8. e4 Nxc3 9. Qxd8+ Kxd8 10. Nxc3 Bc5 11. Bg5+ f6 12. 0-0-0+ Ke7 13. Bh4 h5 14. f3 Bd7 15. Kb1 Rhd8 16. Bg3 Be8 17. Bd3 a6 18. f4 Nb4 19. Be2 Rxd1+ 20. Rxd1 Rd8 21. Rxd8 Kxd8 22. a3 Nc6 23. Bd3 g5 24. fxg5 fxg5 25. h3 Ke7 26. Bc7 Bd6 27. Bb6 Ne5 28. Be2 h4 29. Kc2 Bc6 30. Kd2 Ng6 31. Bf3 Nf4 32. Ke3 Kf6 33. Bd8+ Kg6 34. Bb6 Be5 35. Bd8 Kh6 36. Bb6 Kg6 37. Bd8 b5 38. Bb6 Be8 39. Bd4 Kf6 40. Nd1 Bh5 41. Bxh5 Nxh5 42. Nf2 Bxd4+ 43. Kxd4 e5+ 44. Kc5 Nf4 45. Kd6 Nxg2 46. Ng4+ Kg7 47. Kxe5 Nf4 48. Nf2 Kg6 49. Kd6 Nxh3 50. Nxh3 g4 51. e5 gxh3 52. e6 h2 53. e7 h1Q 54. e8Q+ Kg5 55. Qe5+ Kg4 56. Qe6+ Kg3 57. Qe5+ Kf2 58. Qc5+ Kg2 1/2-1/2

[Event "Tomsk-ch"]
[Site "Tomsk"]
[Date "2006.??.??"]
[Round "?"]
[White "Yakovlev, Mikhail"]
[Black "Dmitrienko, Andrey"]
[Result "1/2-1/2"]
[WhiteElo "2220"]
[BlackElo "2295"]
[PlyCount "132"]
[EventDate "2006.06.??"]
[EventType "tourn"]
[EventRounds "9"]
[EventCountry "RUS"]
[EventCategory "3"]
[SourceTitle "EXT 2008"]
[Source "ChessBase"]
[SourceDate "2007.11.25"]
[SourceVersion "1"]
[SourceVersionDate "2007.11.25"]
[SourceQuality "1"]

1. e4 c5 2. Nf3 a6 3. g3 Nc6 4. Bg2 d6 5. 0-0 Nf6 6. Re1 e6 7. c3 Be7 8. d4 cxd4 9. cxd4 d5 10. e5 Ne4 11. Nc3 Nxc3 12. bxc3 0-0 13. h4 Bd7 14. Bg5 Rc8 15. Bf1 Na5 16. Rc1 h6 17. Bd2 Nc4 18. Rb1 Bb5 19. Nh2 Qa5 20. Bxh6 gxh6 21. Qg4+ Kh8 22. Qh5 Qxc3 23. Qxh6+ Kg8 24. Rbc1 Qxd4 25. Rcd1 Qxe5 26. Rxe5 Nxe5 27. Bxb5 axb5 28. f4 Nd7 29. Nf3 Rc3 30. Kg2 Ra8 31. f5 Rxa2+ 32. Rd2 Rxd2+ 33. Qxd2 b4 34. fxe6 fxe6 35. Nd4 Nc5 36. Qh6 Kf7 37. h5 Bf6 38. Ne2 Ne4 39. Qg6+ Kf8 40. Qh6+ Ke7 41. Qh7+ Kd6 42. Qxb7 Kc5 43. Qc8+ Kd6 44. Qb8+ Kc5 45. h6 Kc4 46. h7 Rc2 47. Kf1 Nd2+ 48. Kf2 Ne4+ 49. Ke3 d4+ 50. Kxe4 Rxe2+ 51. Kf3 Re3+ 52. Kf2 b3 53. Qc8+ Kd3 54. Qa6+ Kd2 55. Qa5+ Kc1 56. Qc5+ Rc3 57. Qd6 b2 58. Qf4+ Re3 59. Qxf6 b1Q 60. Qxd4 Re4 61. Qc3+ Kd1 62. h8Q Qa2+ 63. Kf1 Qa3 64. Kg1 Re1+ 65. Qxe1+ Kxe1 66. Qe5+ Kd2 1/2-1/2

[Event "Tomsk-ch"]
[Site "Tomsk"]
[Date "2006.??.??"]
[Round "?"]
[White "Yakovlev, Mikhail"]
[Black "Loskutov, Oleg"]
[Result "1-0"]
[WhiteElo "2220"]
[BlackElo "2420"]
[PlyCount "31"]
[EventDate "2006.06.??"]
[EventType "tourn"]
[EventRounds "9"]
[EventCountry "RUS"]
[EventCategory "3"]
[SourceTitle "EXT 2008"]
[Source "ChessBase"]
[SourceDate "2007.11.25"]
[SourceVersion "1"]
[SourceVersionDate "2007.11.25"]
[SourceQuality "1"]

1. e4 c5 2. c3 d5 3. exd5 Qxd5 4. d4 Nc6 5. Nf3 Bg4 6. Be2 cxd4 7. cxd4 e6 8. Nc3 Qa5 9. h3 Bh5 10. d5 0-0-0 11. 0-0 Nf6 12. Ng5 Bg6 13. Bd3 Bxd3 14. Qxd3 Rd7 15. Nxf7 Rxf7 16. dxe6 1-0

[Event "Tomsk-ch"]
[Site "Tomsk"]
[Date "2006.??.??"]
[Round "?"]
[White "Yakovlev, Mikhail"]
[Black "Nebolsina, Vera"]
[Result "1-0"]
[WhiteElo "2220"]
[BlackElo "2300"]
[PlyCount "83"]
[EventDate "2006.06.??"]
[EventType "tourn"]
[EventRounds "9"]
[EventCountry "RUS"]
[EventCategory "3"]
[SourceTitle "EXT 2008"]
[Source "ChessBase"]
[SourceDate "2007.11.25"]
[SourceVersion "1"]
[SourceVersionDate "2007.11.25"]
[SourceQuality "1"]

1. e4 e5 2. Nf3 Nf6 3. Nxe5 d6 4. Nf3 Nxe4 5. Nc3 Nxc3 6. dxc3 Be7 7. Bf4 0-0 8. Qd2 Nd7 9. 0-0-0 Nc5 10. Kb1 Re8 11. Be3 Ne4 12. Qc1 c6 13. Bd3 Bf6 14. Nd4 Nc5 15. Be2 Qa5 16. g4 Be6 17. Nxe6 Rxe6 18. g5 Bxg5 19. Bxg5 Rxe2 20. Be3 Ne4 21. Rdg1 Qb5 22. Bd4 Nd2+ 23. Ka1 g6 24. Rg3 Rae8 25. Rd3 Nc4 26. b3 Ne5 27. Rh3 Qd5 28. Rd1 Qe4 29. Re3 Rxe3 30. Bxe3 d5 31. Bxa7 Nf3 32. Kb2 h5 33. Rd3 Ra8 34. Bc5 Ne5 35. Re3 Qf5 36. Bd4 Nd7 37. Qe1 Nf8 38. Re5 Qf4 39. Re8 Rxe8 40. Qxe8 Qd6 41. b4 Qd7 42. Qe5 1-0

[Event "RUS-ch U18"]
[Site "Dagomys"]
[Date "2004.04.??"]
[Round "8"]
[White "Yakovlev, Mikhail"]
[Black "Kassimski, Kirill"]
[Result "1-0"]
[WhiteElo "2311"]
[BlackElo "2056"]
[PlyCount "67"]
[EventDate "2004.04.??"]
[EventType "swiss"]
[EventRounds "10"]
[EventCountry "RUS"]
[SourceTitle "EXT 2005"]
[Source "ChessBase"]
[SourceDate "2004.11.15"]
[SourceVersion "1"]
[SourceVersionDate "2004.11.15"]
[SourceQuality "1"]

1. e4 c5 2. Nf3 Nc6 3. Bb5 g6 4. Bxc6 bxc6 5. 0-0 Bg7 6. Re1 e5 7. c3 Qb6 8. Na3 Ba6 9. d3 d6 10. Nc4 Qc7 11. Bg5 Ne7 12. Qd2 h6 13. Bh4 0-0 14. b4 cxb4 15. cxb4 f5 16. Bxe7 Qxe7 17. Na5 Rac8 18. Rec1 Qd7 19. a4 Kh8 20. Qc2 fxe4 21. dxe4 Qg4 22. Ra3 d5 23. Re1 Rf4 24. h3 Qe6 25. Rc3 d4 26. Rxc6 d3 27. Rxc8+ Qxc8 28. Qxc8+ Bxc8 29. Nc6 Kh7 30. Nxa7 Bb7 31. Nd2 Bxe4 32. Rxe4 Rf6 33. b5 Rd6 34. Nc6 1-0

[Event "RUS-ch U18"]
[Site "Dagomys"]
[Date "2004.04.??"]
[Round "10"]
[White "Yakovlev, Mikhail"]
[Black "Pospelov, Kirill"]
[Result "0-1"]
[WhiteElo "2311"]
[BlackElo "2065"]
[PlyCount "58"]
[EventDate "2004.04.??"]
[EventType "swiss"]
[EventRounds "10"]
[EventCountry "RUS"]
[SourceTitle "EXT 2005"]
[Source "ChessBase"]
[SourceDate "2004.11.15"]
[SourceVersion "1"]
[SourceVersionDate "2004.11.15"]
[SourceQuality "1"]

1. e4 d6 2. d4 Nf6 3. Nc3 e5 4. Nf3 Nbd7 5. Bc4 Be7 6. 0-0 0-0 7. Re1 c6 8. a4 b6 9. Bg5 a6 10. Bxf6 Bxf6 11. d5 c5 12. Qd3 g6 13. Ne2 Bg7 14. Ng3 h5 15. h3 Nf6 16. h4 Nh7 17. Nf1 f5 18. c3 Ra7 19. b4 fxe4 20. Qxe4 Bf5 21. Qe3 e4 22. bxc5 exf3 23. cxb6 Rb7 24. a5 fxg2 25. Ng3 Qxh4 26. Bxa6 Be5 27. Kxg2 Bh3+ 28. Kg1 Rbf7 29. Ra2 Ng5 0-1

[Event "RUS-Cup01"]
[Site "Tomsk"]
[Date "2003.07.09"]
[Round "6"]
[White "Kovalev, Evgeny"]
[Black "Yakovlev, Mikhail"]
[Result "1-0"]
[WhiteElo "2291"]
[BlackElo "2176"]
[PlyCount "53"]
[EventDate "2003.07.04"]
[EventType "swiss"]
[EventRounds "9"]
[EventCountry "RUS"]
[SourceTitle "CBM 095 Extra"]
[Source "ChessBase"]
[SourceDate "2003.09.04"]
[SourceVersion "1"]
[SourceVersionDate "2003.09.04"]
[SourceQuality "1"]

1. d4 Nf6 2. Nf3 e6 3. g3 b6 4. Bg2 Bb7 5. 0-0 Be7 6. c4 c5 7. d5 exd5 8. Nh4 0-0 9. cxd5 d6 10. Nf5 Re8 11. Nc3 Bf8 12. e4 b5 13. Nxb5 Nxe4 14. Qg4 Bxd5 15. Nh6+ Kh8 16. Bxe4 Rxe4 17. Qxe4 Bxe4 18. Nxf7+ Kg8 19. Nxd8 Na6 20. Ne6 Bd3 21. Nbc7 Bxf1 22. Nxa8 Bc4 23. Nac7 Nb4 24. Bf4 Be7 25. Rd1 Kf7 26. Bxd6 Bxe6 27. Bxe7 1-0

[Event "RUS-Cup01"]
[Site "Tomsk"]
[Date "2003.07.05"]
[Round "2"]
[White "Yakovlev, Mikhail"]
[Black "Reznichenko, Andrey"]
[Result "1/2-1/2"]
[WhiteElo "2176"]
[BlackElo "2360"]
[PlyCount "62"]
[EventDate "2003.07.04"]
[EventType "swiss"]
[EventRounds "9"]
[EventCountry "RUS"]
[SourceTitle "CBM 095 Extra"]
[Source "ChessBase"]
[SourceDate "2003.09.04"]
[SourceVersion "1"]
[SourceVersionDate "2003.09.04"]
[SourceQuality "1"]

1. e4 c5 2. Nf3 e6 3. d3 Nc6 4. g3 g6 5. Bg2 Bg7 6. 0-0 Nge7 7. c3 0-0 8. Be3 d6 9. d4 cxd4 10. cxd4 d5 11. e5 Nf5 12. Nc3 Nxe3 13. fxe3 f6 14. exf6 Bxf6 15. Qd2 Bg7 16. Rad1 Rb8 17. Ne2 Qa5 18. Qxa5 Nxa5 19. b3 Bh6 20. Rd3 b6 21. Re1 Ba6 22. Rc3 Rbc8 23. Kf2 Rxc3 24. Nxc3 Nc6 25. Kg1 Nb4 26. e4 Rc8 27. exd5 Rxc3 28. dxe6 Re3 29. a3 Rxe1+ 30. Nxe1 Bd2 31. d5 Bxe1 1/2-1/2

[Event "Sibiria Region-ch"]
[Site "Novosibirsk"]
[Date "2003.??.??"]
[Round "2"]
[White "Bocharov, Dmitry"]
[Black "Yakovlev, Mikhail"]
[Result "1-0"]
[WhiteElo "2574"]
[BlackElo "2255"]
[PlyCount "57"]
[EventDate "2003.05.??"]
[EventType "swiss"]
[EventRounds "9"]
[EventCountry "RUS"]
[SourceTitle "EXT 2008"]
[Source "ChessBase"]
[SourceDate "2007.11.25"]
[SourceVersion "1"]
[SourceVersionDate "2007.11.25"]
[SourceQuality "1"]

1. d4 d5 2. c4 c6 3. Nf3 e6 4. Qc2 Bd6 5. Nc3 f5 6. Bg5 Nf6 7. e3 0-0 8. Bd3 Nbd7 9. cxd5 cxd5 10. 0-0 a6 11. Rfc1 h6 12. Bf4 Qe7 13. Bxd6 Qxd6 14. Ne2 Ne4 15. Nf4 g5 16. Ng6 Rf6 17. Nge5 g4 18. Nxd7 Bxd7 19. Ne5 Rc8 20. Qb3 Rc7 21. Bxa6 Rxc1+ 22. Rxc1 Qxa6 23. Nxd7 Rf7 24. Ne5 Rf8 25. Ng6 Ra8 26. a3 Qe2 27. Qc2 Qxc2 28. Rxc2 Kg7 29. Nf4 1-0

[Event "Sibiria Region-ch"]
[Site "Novosibirsk"]
[Date "2003.??.??"]
[Round "8"]
[White "Yakovlev, Mikhail"]
[Black "Popov, Eugeny Vladimirovic"]
[Result "1-0"]
[WhiteElo "2255"]
[BlackElo "2133"]
[PlyCount "109"]
[EventDate "2003.05.??"]
[EventType "swiss"]
[EventRounds "9"]
[EventCountry "RUS"]
[SourceTitle "EXT 2008"]
[Source "ChessBase"]
[SourceDate "2007.11.25"]
[SourceVersion "1"]
[SourceVersionDate "2007.11.25"]
[SourceQuality "1"]

1. e4 Nf6 2. e5 Nd5 3. c4 Nb6 4. d4 d6 5. Nf3 Bg4 6. h3 Bh5 7. exd6 exd6 8. Be2 Be7 9. 0-0 0-0 10. Nc3 Nc6 11. b3 Bf6 12. Be3 d5 13. c5 Nc8 14. b4 a6 15. Rb1 N8e7 16. a4 Nf5 17. Bd2 Bg6 18. Bd3 Ng3 19. Bxg6 Nxf1 20. Bxh7+ Kxh7 21. Qxf1 Re8 22. Qd3+ g6 23. g4 Rh8 24. Kg2 Kg8 25. Ne2 Qe8 26. Ng3 Ne7 27. Qc2 Qf8 28. Bf4 Nc6 29. Qd3 Qd8 30. Bd2 Kh7 31. Rh1 Bh4 32. b5 axb5 33. axb5 Nb8 34. Nxh4 Qxh4 35. Qf3 Qe7 36. Qxd5 Rd8 37. Qc4 Qd7 38. Ne4 Kg7 39. Re1 Qd5 40. Qxd5 Rxd5 41. Bf4 Nd7 42. Bxc7 Rc8 43. b6 Re8 44. Nc3 Rxe1 45. Nxd5 Rd1 46. c6 bxc6 47. Nb4 c5 48. dxc5 Nxc5 49. Nc6 Nb7 50. Kf3 Kf6 51. Ke2 Rd5 52. Nb4 Rd7 53. f4 Ke6 54. Ke3 f6 55. Ke4 1-0